|
|
|
|
| LEADER |
00000nas a22000001a 4500 |
| 001 |
vtls010302383 |
| 003 |
SK-MaSNL |
| 005 |
20260228161827.0 |
| 008 |
110810d19521952xo fr p r 0 b0slo |
| 015 |
|
|
|a SNBDS17XX9999
|
| 015 |
|
|
|a 1657
|2 Balúnová 1945-60
|
| 038 |
|
|
|a SNKBUDS
|
| 040 |
|
|
|a SNK
|b slo
|c SNK
|e AACR2
|
| 041 |
0 |
|
|a slo
|
| 044 |
|
|
|a xo
|c SK
|
| 080 |
|
|
|a 62
|2 2001
|
| 080 |
|
|
|a 621
|2 2001
|
| 080 |
|
|
|a 621.3
|2 2001
|
| 245 |
0 |
0 |
|a Technický sborník SAVU
|b pre odbor strojne-elektrotechnický
|
| 260 |
|
|
|a Bratislava
|b Nakladateľstvo SAVU
|c 1952
|
| 300 |
|
|
|a 2 čís.
|c 24 x 16 cm
|
| 310 |
|
|
|a 2x ročne
|
| 362 |
0 |
|
|a Roč. III, č. 1 (1952)-roč. III, č. 2 (1952)
|
| 500 |
|
|
|a Vych. v Bratislave 2x ročne
|
| 500 |
|
|
|a Hlav. red. Ladislav Cigánek
|
| 500 |
|
|
|a Vyd. Nakladateľstvo SAVU v Bratislave
|
| 500 |
|
|
|a Tlač. Tisk. Svoboda, n. p., Brno
|
| 580 |
|
|
|a Nadväzuje na Technický sborník, ktorý vychádzal 1x ročne. Pokračoval v r. 1953 ako Strojno-elektrotechnický časopis SAV
|
| 650 |
0 |
7 |
|a technika
|2 SNKPH
|9 671
|
| 650 |
0 |
7 |
|a elektrotechnika
|2 SNKPH
|9 3619
|
| 650 |
0 |
7 |
|a strojárstvo
|2 SNKPH
|9 674
|
| 655 |
|
7 |
|a odborné technické časopisy
|2 SNKBUDS
|9 269251
|
| 700 |
1 |
|
|a Cigánek, Ladislav,
|d 1901-1975
|4 pbd
|9 37263
|
| 710 |
2 |
|
|a Nakladateľstvo Slovenskej akadémie vied a umení (Bratislava, Slovensko)
|4 pbl
|9 268972
|
| 710 |
2 |
|
|a Tisk. Svoboda (Brno, Česko)
|4 prt
|9 269664
|
| 780 |
0 |
0 |
|t Technický sborník
|
| 785 |
0 |
0 |
|t Strojno-elektrotechnický časopis SAV
|x 0562-1925
|
| 852 |
|
|
|a SNK
|b 10000
|h ČSB 564
|
| 852 |
|
|
|a UKB
|b 300000
|h SA 858
|
| 852 |
|
|
|a SVKKK
|b 900000
|h B 74
|
| 852 |
|
|
|a UKB
|b 300000
|h 20 B 349
|
| 999 |
|
|
|c 6098
|d 8028
|